[Event "Girona-ch Seniors"]
[Site "Girona"]
[Date "2018.02.27"]
[Round "4.3"]
[White "Tarrus Galter, Narcis"]
[Black "Burset Camps, Guillem"]
[Result "1-0"]
[WhiteElo "1887"]
[BlackElo "1589"]
[PlyCount "59"]
[EventDate "2018.02.06"]
[EventType "swiss"]
[EventRounds "6"]
[EventCountry "ESP"]
[SourceTitle "EXT 2024"]
[Source "ChessBase"]
[SourceDate "2023.10.10"]
[SourceVersion "1"]
[SourceVersionDate "2023.10.10"]
[SourceQuality "1"]

1. d4 d5 2. Nf3 e6 3. c4 Nf6 4. Nc3 Nbd7 5. Bf4 a6 6. e3 Be7 7. Qc2 Nh5 8. cxd5 Nxf4 9. exf4 Nf6 10. dxe6 Bxe6 11. Bd3 h6 12. h3 c5 13. dxc5 Bxc5 14. 0-0 0-0 15. Rad1 Qc7 16. Ne5 Rac8 17. Qe2 Rfe8 18. Ne4 Nxe4 19. Qxe4 g6 20. b3 Bf5 21. Qf3 Bxd3 22. Rxd3 Rcd8 23. Rfd1 Rxd3 24. Qxd3 Qb6 25. Rd2 Bb4 26. Qd7 Rf8 27. Rc2 Qf6 28. Ng4 Qb6 29. Rc7 h5 30. Nh6+ 1-0

[Event "Girona-ch "]
[Site "Girona"]
[Date "2017.10.29"]
[Round "4"]
[White "Tarrus Galter, Narcis"]
[Black "Turon Crosa, Isaac"]
[Result "0-1"]
[WhiteElo "1902"]
[BlackElo "1679"]
[PlyCount "84"]
[EventDate "2017.10.08"]
[EventType "swiss"]
[EventRounds "9"]
[EventCountry "ESP"]
[SourceTitle "CBM 181 Extra"]
[Source "ChessBase"]
[SourceDate "2017.12.12"]
[SourceVersion "1"]
[SourceVersionDate "2017.12.12"]
[SourceQuality "1"]

1. Nf3 Nf6 2. b3 d5 3. Bb2 e6 4. g3 b6 5. Bg2 Bb7 6. 0-0 Be7 7. d3 c5 8. Nbd2 0-0 9. Ne5 Nbd7 10. Ndf3 d4 11. e4 dxe3 12. fxe3 Nxe5 13. Nxe5 Bxg2 14. Kxg2 Qd5+ 15. e4 Qb7 16. Qf3 b5 17. Rae1 a5 18. g4 Bd8 19. g5 Ne8 20. h4 Qe7 21. Ng4 a4 22. Re2 axb3 23. axb3 Ra2 24. Be5 Bc7 25. Ref2 Ra7 26. Qg3 Bxe5 27. Nxe5 Qd6 28. h5 Qc7 29. g6 Nd6 30. gxh7+ Kxh7 31. h6 gxh6 32. Ng4 f5 33. Qh4 Qg7 34. Kh1 Ra1 35. Ne3 Rxf1+ 36. Nxf1 fxe4 37. Rf4 exd3 38. cxd3 Rg8 39. Qh2 Nf5 40. Rf2 Qb7+ 41. Rg2 Nh4 42. Ng3 Nxg2 0-1

[Event "Catalunya-ch Seniors"]
[Site "Vila Seca"]
[Date "2017.05.20"]
[Round "1"]
[White "Dominguez Rueda, Juan"]
[Black "Tarrus Galter, Narcis"]
[Result "1-0"]
[WhiteElo "2092"]
[BlackElo "1891"]
[PlyCount "95"]
[EventDate "2017.05.20"]
[EventType "swiss"]
[EventRounds "9"]
[EventCountry "ESP"]
[SourceTitle "CBM 178 Extra"]
[Source "ChessBase"]
[SourceDate "2017.06.22"]
[SourceVersion "1"]
[SourceVersionDate "2017.06.22"]
[SourceQuality "1"]

1. e4 d5 2. exd5 Qxd5 3. Nc3 Qd6 4. d4 Nf6 5. Nf3 c6 6. Be2 Bg4 7. 0-0 e6 8. Bg5 Nbd7 9. Qd2 Be7 10. a3 Qc7 11. Rfe1 0-0 12. Ne5 Bxe2 13. Qxe2 Nxe5 14. dxe5 Nd5 15. Bd2 Nxc3 16. Bxc3 Rad8 17. Qg4 Bc5 18. b4 Bb6 19. Re4 Rd5 20. Qe2 Rfd8 21. Be1 Bd4 22. Rb1 Bxe5 23. c4 Bxh2+ 24. Kh1 Re5 25. g3 Bxg3 26. fxg3 Rxe4 27. Qxe4 Qd6 28. Kg2 Qd3 29. Qxd3 Rxd3 30. b5 cxb5 31. Rxb5 Rd7 32. c5 f6 33. Ra5 a6 34. c6 bxc6 35. Rxa6 Rc7 36. Kf3 Kf7 37. Ke4 c5 38. Kd3 c4+ 39. Kc3 Ke7 40. Bf2 Kd7 41. a4 g5 42. a5 h5 43. Rb6 Rc8 44. a6 Ra8 45. Kxc4 f5 46. Kb5 e5 47. Rb7+ Kc8 48. Rh7 1-0

[Event "Girona-ch Seniors"]
[Site "Girona"]
[Date "2017.02.07"]
[Round "1.5"]
[White "Tarrus Galter, Narcis"]
[Black "Garcia Calleja, Rafael"]
[Result "1-0"]
[WhiteElo "1914"]
[BlackElo "1529"]
[PlyCount "53"]
[EventDate "2017.02.07"]
[EventType "swiss"]
[EventRounds "6"]
[EventCountry "ESP"]
[SourceTitle "EXT 2024"]
[Source "ChessBase"]
[SourceDate "2023.10.10"]
[SourceVersion "1"]
[SourceVersionDate "2023.10.10"]
[SourceQuality "1"]

1. d4 c5 2. d5 d6 3. c4 Nf6 4. Nc3 g6 5. e4 Bg7 6. h3 Nbd7 7. Nf3 Nb6 8. Bd3 0-0 9. 0-0 Bd7 10. a4 a5 11. e5 Ne8 12. Re1 Nc7 13. Bf4 Nc8 14. Qd2 dxe5 15. Bxe5 f6 16. Bg3 Nd6 17. Bxd6 exd6 18. Ne4 Bc8 19. Re2 f5 20. Neg5 Qf6 21. Rae1 Bh6 22. Re7 Na6 23. Rxh7 Bxg5 24. Nxg5 f4 25. Ree7 Bf5 26. Bxf5 gxf5 27. Ne6 1-0

[Event "Girona-ch"]
[Site "Banyoles"]
[Date "2016.11.27"]
[Round "9"]
[White "Pages Lopez, David"]
[Black "Tarrus Galter, Narcis"]
[Result "1/2-1/2"]
[WhiteElo "1773"]
[BlackElo "1917"]
[PlyCount "143"]
[EventDate "2016.10.02"]
[EventType "swiss"]
[EventRounds "9"]
[EventCountry "ESP"]
[SourceTitle "EXT 2018"]
[Source "ChessBase"]
[SourceDate "2017.10.13"]
[SourceVersion "1"]
[SourceVersionDate "2017.10.13"]
[SourceQuality "1"]

1. e4 d5 2. exd5 Qxd5 3. Nc3 Qd6 4. d4 Nf6 5. g3 Bg4 6. f3 Bh5 7. Bg2 Nc6 8. Nge2 Rd8 9. Be3 e5 10. dxe5 Qxe5 11. Qc1 Bb4 12. 0-0 0-0 13. a3 Ba5 14. Bf4 Bb6+ 15. Kh1 Qe6 16. g4 Bg6 17. h4 h5 18. Bg5 hxg4 19. Nf4 Qc4 20. Bxf6 gxf6 21. Ne4 Kg7 22. Nxg6 fxg6 23. fxg4 Rh8 24. h5 Bd4 25. c3 Be5 26. Bf3 Rd3 27. b3 Qf7 28. Ra2 Nd8 29. Rd2 Bf4 30. Qc2 Rxd2 31. Nxd2 gxh5 32. gxh5 Rxh5+ 33. Bxh5 Qxh5+ 34. Kg2 Qh2+ 35. Kf3 Ne6 36. Rf2 Ng5+ 37. Ke2 Qh5+ 38. Kf1 Qh3+ 39. Ke2 Qe3+ 40. Kf1 Bg3 41. Re2 Qf4+ 42. Kg2 Qh4 43. Kg1 Nh3+ 44. Kf1 Qf4+ 45. Kg2 Ng5 46. Qd3 Bh4 47. Re7+ Kh6 48. Ne4 f5 49. Ng3 Ne4 50. Nxf5+ Qxf5 51. Rxe4 Qf2+ 52. Kh3 Bf6 53. Qe3+ Qxe3+ 54. Rxe3 Kg5 55. Kg3 Kf5 56. Kf3 Be5 57. c4 a5 58. a4 Ke6 59. Ke4 Bd6 60. Kd4+ Kd7 61. Rh3 Kc6 62. Rh6 b6 63. Rg6 Kb7 64. Kd5 Bb4 65. Rc6 Ba3 66. c5 Bxc5 67. Rxc5 bxc5 68. Kxc5 c6 69. b4 axb4 70. Kxb4 Kb6 71. a5+ Ka6 72. Kc5 1/2-1/2

[Event "Catalunya-ch Seniors"]
[Site "Vila Seca"]
[Date "2016.05.23"]
[Round "3"]
[White "Tarrus Galter, Narcis"]
[Black "Marchador Villalba, Jordi"]
[Result "1/2-1/2"]
[WhiteElo "1941"]
[BlackElo "2026"]
[PlyCount "77"]
[EventDate "2016.05.21"]
[EventType "swiss"]
[EventRounds "9"]
[EventCountry "ESP"]
[SourceTitle "CBM 172 Extra"]
[Source "ChessBase"]
[SourceDate "2016.06.21"]
[SourceVersion "1"]
[SourceVersionDate "2016.06.21"]
[SourceQuality "1"]

1. d4 Nf6 2. c4 e6 3. Nf3 c5 4. d5 exd5 5. cxd5 d6 6. Nc3 g6 7. Bf4 a6 8. a4 Bg7 9. h3 0-0 10. e3 Re8 11. Be2 Qc7 12. Nd2 Nbd7 13. Nc4 Bf8 14. Qb3 b6 15. 0-0 Ne4 16. Nxe4 Rxe4 17. Bf3 Re8 18. Rfd1 f6 19. Bg4 f5 20. Bf3 Rb8 21. Qc2 Nf6 22. Qc3 Ne4 23. Bxe4 Rxe4 24. f3 Re8 25. Qf6 Qd8 26. Qxd8 Rxd8 27. e4 fxe4 28. fxe4 b5 29. Na5 Re8 30. Nc6 Rb7 31. e5 dxe5 32. Bxe5 c4 33. axb5 axb5 34. Ra8 Bd7 35. Rxe8 Bxe8 36. Kh2 Rf7 37. Nd4 Bd7 38. Nf3 Rf5 39. Ra1 1/2-1/2

[Event "Catalunya-ch Seniors 31st"]
[Site "Santa Susanna"]
[Date "2015.05.28"]
[Round "6"]
[White "Bautista Sanchez, Joan"]
[Black "Tarrus Galter, Narcis"]
[Result "1-0"]
[WhiteElo "2302"]
[BlackElo "2084"]
[PlyCount "61"]
[EventDate "2015.05.23"]
[EventType "swiss"]
[EventRounds "9"]
[EventCountry "ESP"]
[SourceTitle "CBM 166 Extra"]
[Source "ChessBase"]
[SourceDate "2015.06.18"]
[SourceVersion "1"]
[SourceVersionDate "2015.06.18"]
[SourceQuality "1"]

1. Nf3 c5 2. c4 Nc6 3. d4 cxd4 4. Nxd4 g6 5. Nc3 Bg7 6. e3 Nf6 7. Be2 0-0 8. 0-0 d6 9. b3 a6 10. Bb2 Rb8 11. Qd2 Bd7 12. Rac1 Qc8 13. Nd5 Re8 14. Nxc6 bxc6 15. Nxf6+ Bxf6 16. Bxf6 exf6 17. Qxd6 Re5 18. Qxf6 Qc7 19. Rcd1 Be6 20. Rd2 Rf5 21. Qd4 Qe7 22. Qd6 Qxd6 23. Rxd6 Ra5 24. Rd2 Rc8 25. Bf3 g5 26. h3 h5 27. Bxh5 Kg7 28. Bf3 Rh8 29. Bxc6 g4 30. hxg4 Bxg4 31. Rd5 1-0

[Event "Girona-ch Seniors"]
[Site "Girona"]
[Date "2015.??.??"]
[Round "2.5"]
[White "Estelle Estrada, Joan"]
[Black "Tarrus Galter, Narcis"]
[Result "0-1"]
[WhiteElo "1700"]
[BlackElo "2119"]
[PlyCount "48"]
[EventDate "2015.02.10"]
[EventType "tourn"]
[EventRounds "6"]
[EventCountry "ESP"]
[SourceTitle "EXT 2024"]
[Source "ChessBase"]
[SourceDate "2023.10.10"]
[SourceVersion "1"]
[SourceVersionDate "2023.10.10"]
[SourceQuality "1"]

1. e3 b6 2. Qf3 d5 3. Nh3 Nf6 4. Nf4 e5 5. Ne2 Bg4 6. Qg3 Bd6 7. h3 Bf5 8. d3 0-0 9. Nec3 Nc6 10. a3 a6 11. Be2 e4 12. Qg5 Ne7 13. Bg4 h6 14. Qh4 Ng6 15. Qxf6 Qxf6 16. Nxd5 Qe6 17. Bxf5 Qxf5 18. Nf4 Nxf4 19. exf4 e3 20. c3 Rfe8 21. Bxe3 Bxf4 22. 0-0 Rxe3 23. Nd2 Rxh3 24. g3 Bxd2 0-1

[Event "Catalunya-ch Seniors 30th"]
[Site "Barcelona"]
[Date "2014.05.23"]
[Round "7"]
[White "Mas Recorda, Pere"]
[Black "Tarrus Galter, Narcis"]
[Result "1/2-1/2"]
[WhiteElo "2201"]
[BlackElo "2085"]
[PlyCount "68"]
[EventDate "2014.05.17"]
[EventType "swiss"]
[EventRounds "9"]
[EventCountry "ESP"]
[SourceTitle "CBM 160 Extra"]
[Source "ChessBase"]
[SourceDate "2014.07.01"]
[SourceVersion "1"]
[SourceVersionDate "2014.07.01"]
[SourceQuality "1"]

1. d4 Nf6 2. c4 c5 3. d5 e6 4. Nc3 exd5 5. cxd5 Bd6 6. e4 0-0 7. Bd3 Re8 8. f3 Be5 9. Nge2 d6 10. 0-0 a6 11. a4 Nbd7 12. Be3 Bxc3 13. Nxc3 Ne5 14. b3 b6 15. Be2 h6 16. Qd2 Rb8 17. h3 Ng6 18. Kh2 Qe7 19. Bd3 Bb7 20. Rae1 Bc8 21. f4 Bd7 22. Qf2 b5 23. axb5 axb5 24. e5 Nxe5 25. Be2 Ng6 26. Bf3 Qd8 27. g4 b4 28. Nb1 Ne4 29. Qc2 Nf6 30. g5 Nh7 31. Be4 Rxe4 32. Qxe4 hxg5 33. fxg5 Nxg5 34. Bxg5 Qxg5 1/2-1/2

[Event "Catalunya-ch Seniors 30th"]
[Site "Barcelona"]
[Date "2014.05.18"]
[Round "2"]
[White "Tarrus Galter, Narcis"]
[Black "Fabre Massana, Miquel"]
[Result "0-1"]
[WhiteElo "2085"]
[BlackElo "2227"]
[PlyCount "119"]
[EventDate "2014.05.17"]
[EventType "swiss"]
[EventRounds "9"]
[EventCountry "ESP"]
[SourceTitle "CBM 160 Extra"]
[Source "ChessBase"]
[SourceDate "2014.07.01"]
[SourceVersion "1"]
[SourceVersionDate "2014.07.01"]
[SourceQuality "1"]

1. Nf3 Nf6 2. c4 c6 3. g3 g6 4. b3 Bg7 5. Bb2 0-0 6. Bg2 d5 7. 0-0 Nbd7 8. d4 Ne4 9. Nbd2 Nxd2 10. Qxd2 Nf6 11. Rfd1 Ne4 12. Qe1 e6 13. Ne5 f6 14. Nd3 f5 15. f3 Nf6 16. Ne5 Nd7 17. f4 Nxe5 18. dxe5 Bd7 19. Rac1 a5 20. Qf2 Qe7 21. Bd4 Qf7 22. Bc5 Rfc8 23. Bd6 Be8 24. Rc2 h6 25. Rdc1 Qd7 26. Qc5 dxc4 27. Qxc4 Kh7 28. e4 Bf7 29. Rd1 Qe8 30. Rcd2 g5 31. exf5 exf5 32. Qc2 Be6 33. fxg5 hxg5 34. Rf2 Kg8 35. Bf1 Bh6 36. Bd3 f4 37. gxf4 gxf4 38. Rg2+ Bg7 39. Bg6 Bf7 40. Rg4 Bxg6 41. Rxg6 b5 42. e6 Ra7 43. Be5 Rd8 44. Rf1 Rd2 45. Qf5 Rd5 46. Rg2 Qe7 47. Qxf4 Qc5+ 48. Kh1 Rxe5 49. Rfg1 Qd5 50. Rf1 Qxe6 51. Rfg1 Rf7 52. Qd2 Qd5 53. Qc2 Rg5 54. h4 Rxg2 55. Rxg2 Rf1+ 56. Kh2 Qe5+ 57. Rg3 Rf3 58. Qg2 Rxg3 59. Qxg3 Qxg3+ 60. Kxg3 0-1

[Event "Girona-ch Seniors"]
[Site "Girona"]
[Date "2014.03.18"]
[Round "6.3"]
[White "Tarrus Galter, Narcis"]
[Black "Carraminana Puig, Jordi"]
[Result "1/2-1/2"]
[WhiteElo "2085"]
[BlackElo "1915"]
[PlyCount "96"]
[EventDate "2014.02.11"]
[EventType "swiss"]
[EventRounds "6"]
[EventCountry "ESP"]
[SourceTitle "EXT 2024"]
[Source "ChessBase"]
[SourceDate "2023.10.10"]
[SourceVersion "1"]
[SourceVersionDate "2023.10.10"]
[SourceQuality "1"]

1. Nf3 Nf6 2. d4 e6 3. g3 b6 4. Bg2 Bb7 5. 0-0 Be7 6. Bg5 0-0 7. Nbd2 h6 8. Bxf6 Bxf6 9. e4 d6 10. c3 Nd7 11. Re1 e5 12. d5 g6 13. Nc4 Bg7 14. Ne3 Nf6 15. Qc2 Qe7 16. g4 Nh7 17. h4 Rfd8 18. Bh3 Bc8 19. Kf1 Bf6 20. Ng2 h5 21. Ne3 Bxh4 22. Ke2 Bf6 23. Rg1 h4 24. Rh1 Kg7 25. Rag1 Rg8 26. Qd2 Kf8 27. Kd1 Ng5 28. Nxg5 Bxg5 29. Qe2 a5 30. c4 Bf4 31. Ng2 g5 32. Ne1 Ba6 33. b3 Qd7 34. Nd3 b5 35. c5 b4 36. c6 Qc8 37. Bf1 Qb8 38. Qc2 Bb5 39. Rh3 a4 40. Nxf4 exf4 41. Bc4 Qb6 42. Rf3 Bxc4 43. Qxc4 axb3 44. Qxb3 Ra3 45. Qb2 Rxf3 46. Qf6 Qxf2 47. Qd8+ Kg7 48. Qxg5+ Kf8 1/2-1/2

[Event "Girona-ch Seniors"]
[Site "Girona"]
[Date "2014.02.18"]
[Round "2.2"]
[White "Tarrus Galter, Narcis"]
[Black "Estevez Montilla, Francesco"]
[Result "1-0"]
[WhiteElo "2085"]
[BlackElo "1995"]
[PlyCount "73"]
[EventDate "2014.02.11"]
[EventType "swiss"]
[EventRounds "6"]
[EventCountry "ESP"]
[SourceTitle "EXT 2024"]
[Source "ChessBase"]
[SourceDate "2023.10.10"]
[SourceVersion "1"]
[SourceVersionDate "2023.10.10"]
[SourceQuality "1"]

1. d4 Nf6 2. c4 g6 3. Nc3 d5 4. Nf3 Bg7 5. Bg5 c6 6. h4 Be6 7. Bxf6 exf6 8. cxd5 cxd5 9. e3 0-0 10. Bd3 Nc6 11. a3 Rc8 12. Rc1 Na5 13. Nd2 a6 14. h5 b5 15. hxg6 fxg6 16. Qc2 Qd7 17. Nb3 Nxb3 18. Qxb3 f5 19. g3 Rfd8 20. Kd2 Bf8 21. Rh2 Qd6 22. Rch1 Rd7 23. Rh4 b4 24. Qxb4 Qxb4 25. axb4 Bxb4 26. Bxa6 Ra8 27. Bb5 Rc7 28. Kd3 Rb8 29. Ba4 Bc8 30. Ke2 Ba6+ 31. Kf3 Bd3 32. Bb3 Bxc3 33. Bxd5+ Kh8 34. bxc3 Rd8 35. c4 Rxd5 36. cxd5 Be4+ 37. Rxe4 1-0

[Event "Girona op-A 4th"]
[Site "Girona"]
[Date "2013.07.21"]
[Round "7"]
[White "Castrillon Otero, Javier"]
[Black "Tarrus Galter, Narcis"]
[Result "1-0"]
[WhiteElo "1929"]
[BlackElo "1976"]
[PlyCount "163"]
[EventDate "2013.07.15"]
[EventType "swiss"]
[EventRounds "9"]
[EventCountry "ESP"]
[SourceTitle "CBM 155 Extra"]
[Source "ChessBase"]
[SourceDate "2013.08.26"]
[SourceVersion "1"]
[SourceVersionDate "2013.08.26"]
[SourceQuality "1"]

1. d4 Nf6 2. c4 c5 3. d5 e6 4. Nc3 exd5 5. cxd5 Bd6 6. e4 0-0 7. Be2 Re8 8. Qc2 a6 9. f4 Ng4 10. e5 Bc7 11. Nf3 d6 12. Ng5 g6 13. Nxf7 Kxf7 14. e6+ Bxe6 15. dxe6+ Rxe6 16. 0-0 Nf6 17. f5 Re5 18. Bg5 Kg7 19. Ne4 Nbd7 20. fxg6 Rxe4 21. Qxe4 Nxe4 22. Bxd8 Rxd8 23. Rf7+ Kxg6 24. Raf1 Nef6 25. Re7 Bb6 26. Bd3+ Kh6 27. Bc2 c4+ 28. Kh1 Re8 29. Rxe8 Nxe8 30. Rf7 Ndf6 31. Rxb7 Bd4 32. h4 Kh5 33. Ba4 Kh6 34. Kh2 Ng4+ 35. Kg3 Nef6 36. Kf4 Be5+ 37. Kf3 Bd4 38. Bd1 Ne5+ 39. Kf4 Nd3+ 40. Kf5 Nxb2 41. Bf3 c3 42. g4 Nxg4 43. Kxg4 Nd3 44. Rc7 Bc5 45. Kg3 d5 46. Rc6+ Kg7 47. Bd1 d4 48. Bc2 Nb4 49. Rxc5 Nxc2 50. Kf3 Nb4 51. a3 Nc2 52. a4 Kf6 53. Ke4 Ke6 54. Kd3 Kd6 55. Rc8 Kd7 56. Rc4 Ne1+ 57. Kxd4 c2 58. Ke3 Kd6 59. Kd2 Kd5 60. Rc7 Nf3+ 61. Kxc2 Nxh4 62. Rxh7 Nf3 63. Kc3 Ne5 64. Rh5 Kd6 65. Rh6+ Kc5 66. Rxa6 Nc4 67. Rh6 Nb6 68. Rh5+ Nd5+ 69. Kb3 Kc6 70. Kc4 Nb6+ 71. Kb4 Kb7 72. Kb5 Nc8 73. Rh7+ Kb8 74. Ka6 Ka8 75. a5 Kb8 76. Rb7+ Ka8 77. Rb1 Na7 78. Kb6 Kb8 79. Ka6+ Ka8 80. Rc1 Kb8 81. Rc2 Ka8 82. Rc7 1-0

[Event "Girona op-A 4th"]
[Site "Girona"]
[Date "2013.07.16"]
[Round "2"]
[White "Molina Carretero, Daniel"]
[Black "Tarrus Galter, Narcis"]
[Result "1-0"]
[WhiteElo "1798"]
[BlackElo "1976"]
[PlyCount "75"]
[EventDate "2013.07.15"]
[EventType "swiss"]
[EventRounds "9"]
[EventCountry "ESP"]
[SourceTitle "CBM 155 Extra"]
[Source "ChessBase"]
[SourceDate "2013.08.26"]
[SourceVersion "1"]
[SourceVersionDate "2013.08.26"]
[SourceQuality "1"]

1. e4 d5 2. exd5 Qxd5 3. Nf3 Nf6 4. d4 g6 5. c4 Qd8 6. Nc3 Bg7 7. Be2 0-0 8. 0-0 c6 9. Bf4 Nbd7 10. Qb3 Nh5 11. Be3 Qc7 12. Rfd1 Ndf6 13. Ne5 Bh8 14. Rac1 Ng7 15. Bh6 Rd8 16. Nb5 Qb8 17. Bf4 Ne6 18. Nxc6 Qxf4 19. g3 Qh6 20. Nxe7+ Kg7 21. d5 Nc5 22. Qc3 Nce4 23. Qe5 Kf8 24. d6 Bd7 25. Nc7 Bg7 26. h4 Ng4 27. Qxe4 f5 28. Ne6+ Bxe6 29. Qxe6 Nf6 30. c5 g5 31. Nxf5 Re8 32. Qxe8+ Rxe8 33. Nxh6 Bxh6 34. hxg5 Bxg5 35. Rc2 Rd8 36. Bf3 Rd7 37. Rd3 Ke8 38. Rb3 1-0

[Event "Girona op-A 3rd"]
[Site "Girona"]
[Date "2012.07.19"]
[Round "4"]
[White "Pruja Ramirez de Cartagena, Eduardo"]
[Black "Tarrus Galter, Narcis"]
[Result "0-1"]
[WhiteElo "1728"]
[BlackElo "2018"]
[PlyCount "50"]
[EventDate "2012.07.16"]
[EventType "swiss"]
[EventRounds "9"]
[EventCountry "ESP"]
[SourceTitle "CBM 149 Extra"]
[Source "ChessBase"]
[SourceDate "2012.08.24"]
[SourceVersion "1"]
[SourceVersionDate "2012.08.24"]
[SourceQuality "1"]

1. e4 d5 2. exd5 Nf6 3. Nc3 Nxd5 4. Bc4 Nb6 5. Bb3 Nc6 6. d3 Bf5 7. Bf4 e6 8. g4 Bg6 9. h4 h6 10. Nf3 Bd6 11. Qd2 Qf6 12. Ne2 e5 13. Qe3 0-0-0 14. Bg3 Rhe8 15. h5 Nd4 16. Nd2 Bc5 17. Bh4 Qc6 18. Qh3 e4 19. Bxd8 exd3 20. hxg6 Rxe2+ 21. Kd1 dxc2+ 22. Kc1 Bb4 23. Be6+ fxe6 24. Bg5 Re5 25. Be3 Ne2# 0-1

[Event "Girona op-A 3rd"]
[Site "Girona"]
[Date "2012.07.18"]
[Round "3"]
[White "Tarrus Galter, Narcis"]
[Black "Iglesias Santos, David"]
[Result "1-0"]
[WhiteElo "2018"]
[BlackElo "1818"]
[PlyCount "89"]
[EventDate "2012.07.16"]
[EventType "swiss"]
[EventRounds "9"]
[EventCountry "ESP"]
[SourceTitle "CBM 149 Extra"]
[Source "ChessBase"]
[SourceDate "2012.08.24"]
[SourceVersion "1"]
[SourceVersionDate "2012.08.24"]
[SourceQuality "1"]

1. d4 Nf6 2. c4 e6 3. Nf3 b6 4. g3 Ba6 5. b3 Bb7 6. Bg2 Bb4+ 7. Bd2 a5 8. a3 Be7 9. Nc3 Ne4 10. 0-0 Nxc3 11. Bxc3 0-0 12. e3 d6 13. Qe2 Be4 14. Rfd1 Nd7 15. Bh3 Nf6 16. Nd2 Ra7 17. f3 Bb7 18. e4 c5 19. f4 cxd4 20. Bxd4 Nd7 21. Bc3 e5 22. Bg2 Re8 23. f5 Nc5 24. Re1 Qa8 25. h4 Rc8 26. Rab1 a4 27. b4 Nb3 28. Rbd1 Ba6 29. Bf1 Nxd2 30. Bxd2 Bxc4 31. Qg4 Bxf1 32. Bh6 g6 33. Rxf1 Rc4 34. fxg6 hxg6 35. Rde1 d5 36. Qf3 Bd8 37. exd5 Qc8 38. Rxe5 Rc3 39. Be3 Qd7 40. h5 Bc7 41. Rg5 Bd8 42. Rxg6+ fxg6 43. Qf8+ Kh7 44. Qh6+ Kg8 45. Rf8# 1-0

[Event "ESP-ch Seniors 28th"]
[Site "Santa Susanna"]
[Date "2012.05.12"]
[Round "2"]
[White "Tarrus Galter, Narcis"]
[Black "Franquet Escriba, Joan"]
[Result "1/2-1/2"]
[WhiteElo "1983"]
[BlackElo "2103"]
[PlyCount "53"]
[EventDate "2012.05.11"]
[EventType "swiss"]
[EventRounds "9"]
[EventCountry "ESP"]
[SourceTitle "CBM 148 Extra"]
[Source "ChessBase"]
[SourceDate "2012.06.22"]
[SourceVersion "1"]
[SourceVersionDate "2012.06.22"]
[SourceQuality "1"]

1. d4 Nf6 2. c4 e6 3. Nf3 Bb4+ 4. Nc3 b6 5. g3 Bb7 6. Bg2 0-0 7. 0-0 Bxc3 8. bxc3 d6 9. Bg5 h6 10. Bf4 Nbd7 11. Re1 Qe7 12. Bc1 Rab8 13. a4 e5 14. d5 a5 15. e4 Ba6 16. Bf1 Nc5 17. Qc2 Bc8 18. Nh4 Bd7 19. Nf5 Bxf5 20. exf5 Rfe8 21. h3 Nfd7 22. Bg2 Qf6 23. Be3 Nf8 24. g4 Nh7 25. Re2 Qh4 26. Rae1 Qe7 27. Rc1 1/2-1/2

[Event "Illes Medes op 1st"]
[Site "Illes Medes"]
[Date "2007.01.03"]
[Round "8"]
[White "Burnier, David"]
[Black "Tarrus Galter, Narcis"]
[Result "1-0"]
[WhiteElo "2316"]
[BlackElo "1997"]
[PlyCount "59"]
[EventDate "2006.12.28"]
[EventType "swiss"]
[EventRounds "9"]
[EventCountry "ESP"]
[SourceTitle "CBM 116 Extra"]
[Source "ChessBase"]
[SourceDate "2007.03.07"]
[SourceVersion "1"]
[SourceVersionDate "2007.03.07"]
[SourceQuality "1"]

1. d4 Nf6 2. c4 e6 3. Nc3 Bb4 4. Nf3 b6 5. Bg5 Bb7 6. Nd2 Bxc3 7. bxc3 h6 8. Bh4 g5 9. Bg3 d6 10. f3 h5 11. h4 g4 12. e4 Rg8 13. Kf2 Nbd7 14. Bd3 gxf3 15. gxf3 Qe7 16. Nf1 0-0-0 17. Ne3 e5 18. Nf5 Qe8 19. a4 a5 20. Rb1 Rg6 21. Re1 Kb8 22. c5 dxc5 23. Bb5 Qe6 24. dxe5 Nxe4+ 25. fxe4 Bxe4 26. Rxe4 Qxf5+ 27. Qf3 Qe6 28. Rd1 Kc8 29. Re2 c6 30. Rd6 1-0